Famous Names Word Ladder Quiz Stats

 Plays Quiz not verified by Sporcle

Challenge
Share
Tweet
Embed
Score 0/18 Timer 04:00
0 Plays Today
Description Name % Correct
Civil rights leader that had a dreamMartin Luther King
93.2%
Starred in Giant, Rebel Without a Cause, and East of EdenJames Dean
82.2%
Rat-Packer that sang 'That's Amore'Dean Martin
76.7%
His beating started the 1992 Los Angeles riotsRodney King
72.6%
Ruled with Queen Mary after the Glorious RevolutionKing William
52.1%
Sang 'Total Eclipse of the Heart'Bonnie Tyler
45.2%
County music star who sings 'You Belong With Me'Taylor Swift
42.5%
Author of 'The Turn of the Screw'Henry James
41.1%
Outlaw better known as Billy the KidWilliam Bonney
41.1%
Description Name % Correct
Succeeded his brother, Richard the Lionheart, as ruler of EnglandKing John
37%
Legendary figure that beat a steamdrill in a race in West VirginiaJohn Henry
34.2%
Roman leader who formed a triumvirate with Crassus and PompeyJulius Caesar
32.9%
Actor who played Saruman, Scaramanga, and Count DookuChristopher Lee
32.9%
Patriot from Delaware featured on that state's commemorative quarterCaesar Rodney
27.4%
Actor who plays Nikolas Cassadine on General HospitalTyler Christopher
21.9%
Played Dr. McCoy on Star TrekDeForest Kelley
20.5%
90210 character played by Jennie GarthKelly Taylor
19.2%
Inventor who perfected radio and television vaccum tubes and talking motion picturesLee DeForest
15.1%

You're not logged in!

Compare scores with friends on all Sporcle quizzes.
OR
Log In

You Might Also Like...

Show Comments

Extras

Top Quizzes Today


Score Distribution

Your Account Isn't Verified!

In order to create a playlist on Sporcle, you need to verify the email address you used during registration. Go to your Sporcle Settings to finish the process.

Report this User

Report this user for behavior that violates our Community Guidelines.

Details: